000 00427pab a2200157 454500
008 180718b2006 xxu||||| |||| 00| 0 eng d
100 _aHoddinott, John
245 _aShocks and their consequences across and within households in rural Zimbabwe
260 _c2006
300 _ap.301-21.
362 _aFeb
650 _aPoverty - zimbabwe
650 _aPoverty
773 _aJournal of Development Studies
909 _a70341
999 _c70341
_d70341